| 000 | 01038nam a2200205Ii 4500 | ||
|---|---|---|---|
| 003 | JO-AjNU | ||
| 008 | 230605s9999||||xx |||||||||||||| ||und|| | ||
| 040 |
_aJO-AjNU _bara _erda _cJO-AjNU |
||
| 041 | _aara | ||
| 050 | 1 | 4 | _aBP130.4.S236 1981 |
| 100 | 3 |
_aتاليف الصابوني، محمد علي , _eauthor _962090 |
|
| 245 | 0 | 0 | _aصفوة النفوس: تفسير للقران الكريم، جامع بين الماثور والمعقول، مستمد من اوثق كتب التفسير(الطبري، الكشاف، القرطبي، الالوسي، ابن كثير، البحر المحيط،) وغيرها باسلوب ميسر، وتنظيم حديث، مع العناية بالوجود البيانية واللغوية مج3 |
| 250 | _aط1 | ||
| 264 | 3 | 1 | _aبيروت: دار القرآن الكريم، 1981 |
| 300 | _aج3: 638ص | ||
| 336 |
_atext _btxt _2rdacontent |
||
| 337 |
_aunmediated _bn _2rdamedia |
||
| 338 |
_avolume _bnc _2rdacarrier |
||
| 650 | 4 |
_aالقران الكريم-تفاسير حديثة _962091 |
|
| 999 |
_aA28098 _c31666 _d31666 |
||